Connaissez-vous la saga Star Wars ? #3 - Statistiques

Statistiques générales
  • Ce quiz a été pris 994 fois
  • Le résultat moyen est 11 sur 22
Statistiques - réponses
Question Réponse % Correct
Comme se prénomme l'oncle de Luke ? Owen
75%
Sur quelle planète fut conçue l'armée de Clones de la République ? Kamino
72%
Sur quelle planète volcanique eu lieu le mythique duel entre Obi-Wan et Anakin ? Mustafar
69%
Quel est le nom Sith du Comte Dooku ? Dark Tyranus
66%
Et quel acteur incarne ce même personnage dans la Prélogie ? Ewan McGregor
65%
Quel amiral Mon Calamari dirige la flotte Rebelle lors de la bataille d'Endor ? L'amiral Ackbar
62%
Qui était le premier Grand Moff de l'Étoile de la Mort ? Wilhuff Tarkin
56%
Comment se nomme le principal rival d'Anakin lors de la course de modules ? Sebulba
55%
Comme se prénomme le père adoptif de Leia ? Bail
52%
Qui commande l'armée droïdes de l'Alliance Séparatiste ? Général Grievous
51%
De quelle planète sont originaires les wookies ? Kashyyyk
51%
Comment s'appelle le propriétaire d'Anakin dans l'Episode I ? Watto
50%
Quel nom porte l'énorme base du Premier Ordre, sur la planète Illum ? Base Starkiller
45%
Quel Seigneur Sith aurait découvert le pouvoir de vaincre la mort ? Dark Plagueis
44%
Qui était à la tête de la Fédération du Commerce, en qualité de Vice-Roi ? Nute Gunray
42%
Quelle créature est cachée dans une fosse, sous le trône de Jabba ? Un rancor
42%
Depuis quelle lune est lancée l'attaque de la première Étoile de la Mort ? Yavin IV
41%
Quel officier du Premier Ordre se révéla être un double-agent ? Général Hux
39%
Comment était nommé C-3PO dans les premières versions françaises ? Z-6PO
32%
Quelle créature à fourrure attaque Luke sur Hoth ? Un wampa
31%
Quel acteur interprète Obi Wan Kenobi dans la Trilogie Originale ? Alec Guinness
25%
Sur quelle planète Rey trouva-t-elle Luke ? Ahch-To
22%
Aucun quiz correspondant
Distribution des résultats
% des personnes avec chaque résultat
Percentile par nombre de réponses
Votre historique - résultats
Vous n’avez pas pris ce quiz